[Event "Padova op-A 1st"]
[White "Favero, Graziano"]
[Black "Carletto, Biagio"]
[Site "Padova"]
[Round "5.14"]
[Result "1-0"]
[Date "1998.12.20"]
[WhiteElo "1705"]
[BlackElo "1555"]
[PlyCount "131"]
[EventDate "1998.12.12"]
[EventType "swiss"]
[EventRounds "6"]
[EventCountry "ITA"]
[SourceTitle "EXT 2023"]
[Source "ChessBase"]
[SourceDate "2022.10.05"]
[SourceVersion "1"]
[SourceVersionDate "2022.10.05"]
[SourceQuality "1"]

1. e4 d6 2. d4 Nf6 3. Nc3 g6 4. Be2 Bg7 5. Nf3 0-0 6. 0-0 b6 7. Bg5 h6 8. Bf4 g5 9. Be3 Na6 10. Qd2 c5 11. Bd3 Ng4 12. h4 Nxe3 13. fxe3 g4 14. Nh2 cxd4 15. exd4 Bxd4+ 16. Kh1 Bg7 17. Nxg4 Bxg4 18. Bxa6 e5 19. g3 Kh8 20. Bd3 a6 21. Nd5 f5 22. exf5 Rf6 23. Nxf6 Qxf6 24. Be4 Rd8 25. Qd5 Re8 26. Qc6 Bh5 27. Qxb6 Bf8 28. c4 Qg7 29. Qf2 Qg4 30. Bf3 Qxf5 31. Bxh5 Qxh5 32. Qf7 Qxf7 33. Rxf7 e4 34. Re1 Bg7 35. Re2 h5 36. Rf5 e3 37. Rxh5+ Kg8 38. b3 Bc3 39. Rd5 Re6 40. Rd3 Bd2 41. Kg2 Kg7 42. Rd4 Kf6 43. Kf3 Kg6 44. Kg4 Kh6 45. Kf5 Re5+ 46. Kf4 Re6 47. g4 Rf6+ 48. Kg3 Kh7 49. Rf4 Re6 50. g5 Re5 51. Kg4 Bb4 52. Rf5 Re7 53. h5 Bc5 54. Rxc5 dxc5 55. Kf4 Rf7+ 56. Kxe3 Kg7 57. Rd2 Re7+ 58. Kf4 a5 59. Kf5 a4 60. h6+ Kh8 61. Kf6 Re8 62. Kf7 Ra8 63. Re2 Rg8 64. Re8 Kh7 65. Rxg8 a3 66. g6+ 1-0

[Event "Padova op-A 1st"]
[White "Sanavio, Giancarlo"]
[Black "Carletto, Biagio"]
[Site "Padova"]
[Round "6.21"]
[Result "0-1"]
[Date "1998.12.20"]
[WhiteElo "1627"]
[BlackElo "1555"]
[PlyCount "82"]
[EventDate "1998.12.12"]
[EventType "swiss"]
[EventRounds "6"]
[EventCountry "ITA"]
[SourceTitle "EXT 2023"]
[Source "ChessBase"]
[SourceDate "2022.10.05"]
[SourceVersion "1"]
[SourceVersionDate "2022.10.05"]
[SourceQuality "1"]

1. Nf3 d6 2. d4 Nf6 3. g3 g6 4. Bg2 Bg7 5. 0-0 0-0 6. c4 c6 7. Nc3 Na6 8. e4 Qc7 9. e5 Nh5 10. Re1 dxe5 11. Nxe5 Rd8 12. f4 Nc5 13. Be3 Bxe5 14. fxe5 Ng7 15. Qe2 Nce6 16. d5 Nf8 17. Bf4 Nf5 18. Qf2 cxd5 19. g4 Qxc4 20. gxf5 Bxf5 21. Bf1 Bd3 22. Bxd3 Qxd3 23. Rad1 Qc4 24. Rd4 Qc6 25. Red1 Ne6 26. Nxd5 Rxd5 27. Rxd5 Qc4 28. Bh6 Qg4+ 29. Qg3 Qh5 30. Bd2 Qxd1+ 31. Kg2 Rc8 32. Qf3 Qa4 33. Bc3 Qh4 34. Kh1 Rc4 35. Qd3 Rxc3 36. Rd8+ Nxd8 37. Qxd8+ Kg7 38. bxc3 Qe1+ 39. Kg2 Qxe5 40. Qc8 Qb5 41. c4 Qc6+ 0-1